000 00662nam a2200181 4500
999 _c17402
_d17402
008 221008b ||||| |||| 00| 0 eng d
020 _a9786214510047
082 _22021
_aDFil 306.44
_bM311
100 _aMananay, Janet A.
_946307
245 _aLanguage, culture and society /
_cJanet A. Mananay and Gino G. Sumalinog.
260 _aQuezon City, Philippines :
_bLorimar Publishing,
_c©2021.
300 _axii, 102 pages :
_billustrations ;
_c26 cm.
500 _aIncludes bibliographical references.
650 _aLanguage and culture.
_933822
650 _aSociolinguistics.
_946308
700 _aSumalinog, Gino G.,
_eauthor.
_946309
942 _2ddc
_cDFIL